=LDR 00000nam 2200000 4500 =001 INLIS000000000000738 =005 20130612085154 =008 ***********************************Ind** =035 ##$$0010-061300000000738 =041 ##$$a Ind =082 ##$$a 576.648 2 =090 ##$$a 576.648 2, Sta-d =100 ##$$a Stanier, Roger Y =245 ##$$a Dunia mikrobe II =260 ##$$a 1984 $b Jakarta =300 ##$$a xi, 296 hlm, ilus, 21 cm =650 ##$$a Mikroba =850 ##$$a NBPNMAT =990 ##$$a 0001/BPAP-NTB/2016